Filmes brasileiros indicados ao Oscar - Statistics

Estatísticas Gerais
  • Esse quiz foi jogado 445 vezes
  • A pontuação média é 3 de 7
Estatísticas das Respostas
Ano Categoria Resposta % Correto
1999 Melhor Filme Estrangeiro e Melhor Atriz Central do Brasil
84%
2005 Melhor Direção, Melhor Roteiro Adaptado, Melhor Fotografia e Melhor Montagem Cidade de Deus
82%
1963 Melhor Filme Estrangeiro O Pagador de Promessas
26%
1994 Melhor Filme Estrangeiro O Quatrilho
25%
1998 Melhor Filme Estrangeiro O Que É Isso, Companheiro?
20%
2011 Melhor Documentário Lixo Extraordinário
12%
2001 Melhor Curta-Metragem Uma história de futebol
6%
Nenhum quiz correspondente encontrado
Distribuição das Pontuações
Porcentagem de Pessoas com Cada Pontuação
Percentil de Números Respondidos
Sua Pontuação Histórica
Você não jogou esse quiz